| Tag |
First Indicator |
Second Indicator |
Subfields |
| LEADER |
00000cam a2200000 a 4500 |
| 001 |
in00000972736 |
| 005 |
20150927111217.0 |
| 008 |
900118s1990 nyu j 00011 eng |
| 010 |
|
|
|a 90004046
|
| 020 |
|
|
|a 006023055X
|
| 020 |
|
|
|z 0066230568 (lib. bdg.)
|
| 035 |
|
|
|a (OCoLC)21036222
|
| 035 |
|
|
|9 AEW0766AM
|
| 040 |
|
|
|a DLC
|c DLC
|d TXA
|d UtOrBLW
|
| 049 |
|
|
|a TXAM
|
| 050 |
0 |
0 |
|a PZ7.J677
|b Lo 1990
|
| 082 |
0 |
0 |
|a [Fic]
|2 20
|
| 100 |
1 |
|
|a Jones, Adrienne.
|
| 245 |
1 |
0 |
|a Long time passing : a novel /
|c by Adrienne Jones.
|
| 250 |
|
|
|a 1st ed.
|
| 264 |
|
1 |
|a New York :
|b Harper & Row,
|c [1990]
|
| 264 |
|
4 |
|c ©1990
|
| 300 |
|
|
|a 244 pages ;
|c 22 cm.
|
| 336 |
|
|
|a text
|b txt
|2 rdacontent
|
| 337 |
|
|
|a unmediated
|b n
|2 rdamedia
|
| 338 |
|
|
|a volume
|b nc
|2 rdacarrier
|
| 500 |
|
|
|a "A Charlotte Zolotow Book."
|
| 520 |
|
|
|a In the turbulence of the late 1960s, while his father is serving as a Marine officer in Vietnam, seventeen-year-old Jonas falls in love with a free-spirited flower child active in the peace movement and begins to question his own attitude toward the Vietnamese War.
|
| 650 |
|
1 |
|a Vietnam War, 1961-1975
|x United States
|x Fiction.
|
| 999 |
|
|
|a MARS
|
| 999 |
f |
f |
|s 4fed9681-2635-3aa0-9d7b-1547da30ba2f
|i 351c6066-d02e-37e4-9d9f-7478073a4db4
|t 0
|
| 952 |
f |
f |
|p ric
|a Texas A&M University
|b Rellis Campus
|c Joint Library Facility
|d Remote Storage
|t 0
|e PZ7.J677 Lo 1990
|h Library of Congress classification
|i unmediated -- volume
|m A14814035739
|
| 998 |
f |
f |
|a PZ7.J677 Lo 1990
|t 0
|l Remote Storage
|